Demi Lovato Discography - Statistics

General Stats
  • This quiz has been taken 260 times
  • The average score is 44 of 78
Answer Stats
Hint Answer % Correct
Confident Confident
96%
Tell Me You Love Me Tell Me You Love Me
94%
Don't Forget Don't Forget
92%
Here We Go Again Here We Go Again
90%
Unbroken Skyscraper
90%
Confident Cool for the Summer
89%
Demi Heart Attack
87%
Tell Me You Love Me Sorry Not Sorry
85%
Unbroken Unbroken
85%
Demi Neon Lights
81%
Don't Forget La La Land
80%
Confident Stone Cold
79%
Demi Made In The USA
76%
Unbroken Give Your Heart a Break
75%
Demi Warrior
74%
Demi Really Don't Care
73%
Demi Nightingale
71%
Here We Go Again Remember December
71%
Confident Father
68%
Tell Me You Love Me Daddy Issues
65%
Tell Me You Love Me Ruin The Friendship
65%
Tell Me You Love Me You Don't Do It For Me Anymore
61%
Here We Go Again Catch Me
60%
Don't Forget Get Back
60%
Unbroken For the Love of a Daughter
59%
Don't Forget Trainwreck
59%
Unbroken Fix a Heart
58%
Confident Lionheart
57%
Tell Me You Love Me Sexy Dirty Love
57%
Unbroken Who's That Boy
57%
Demi Fire Starter
56%
Unbroken Lightweight
56%
Don't Forget On the Line
56%
Here We Go Again Solo
56%
Demi Two Pieces
55%
Unbroken You're My Only Shorty
55%
Demi In Case
54%
Confident Yes
52%
Tell Me You Love Me Cry Baby
51%
Tell Me You Love Me Hitchhiker
51%
Tell Me You Love Me Instruction
51%
Confident Kingdom Come
51%
Here We Go Again So Far So Great
51%
Confident Waitin for You
51%
Here We Go Again Gift of a Friend
49%
Confident Mr. Hughes
49%
Unbroken My Love Is Like a Star
49%
Don't Forget Party
49%
Confident Stars
49%
Unbroken Together
48%
Tell Me You Love Me Games
47%
Confident Wildfire
47%
Tell Me You Love Me Concentrate
46%
Confident For You
46%
Demi Shouldn't Come Back
46%
Demi Something That We're Not
46%
Here We Go Again Every Time You Lie
45%
Confident Old Ways
45%
Tell Me You Love Me Lonely
44%
Don't Forget Two Worlds Collide
44%
Demi Without The Love
44%
Unbroken Mistake
43%
Demi Never Been Hurt
43%
Tell Me You Love Me Only Forever
42%
Here We Go Again Quiet
42%
Here We Go Again Got Dynamite
41%
Unbroken All Night Long
40%
Don't Forget Believe In Me
40%
Unbroken Hold Up
39%
Don't Forget Until You're Mine
39%
Here We Go Again World Of Chances
39%
Here We Go Again Everything You're Not
37%
Unbroken In Real Life
37%
Don't Forget The Middle
36%
Here We Go Again U Got Nothin' On Me
36%
Here We Go Again Stop The World
35%
Here We Go Again Falling Over Me
32%
Don't Forget Gonna Get Caught
30%
No matching quizzes found
Score Distribution
Percent of People with Each Score
Percentile by Number Answered
Your Score History
You have not taken this quiz